Cosmic explosions (Record no. 13744)

MARC details
000 -LEADER
fixed length control field 00733nam a2200229Ia 4500
003 - CONTROL NUMBER IDENTIFIER
control field IN-BaIIA
008 - FIXED-LENGTH DATA ELEMENTS--GENERAL INFORMATION
fixed length control field 211028s9999 xx 000 0 eng d
020 ## - INTERNATIONAL STANDARD BOOK NUMBER
International Standard Book Number 1-56396-943-2
040 ## - CATALOGING SOURCE
Transcribing agency IIA Library
080 ## - UNIVERSAL DECIMAL CLASSIFICATION NUMBER
Universal Decimal Classification number 524.352(082.2)
Item number COS
245 #0 - TITLE STATEMENT
Title Cosmic explosions
Statement of responsibility, etc. edited by Stephen S. Holt and William W. Zhang
250 ## - EDITION STATEMENT
Edition statement 10th ed.
260 ## - PUBLICATION, DISTRIBUTION, ETC.
Place of publication, distribution, etc. New York
Name of publisher, distributor, etc. American Institute of Physics
Date of publication, distribution, etc. 2000
300 ## - PHYSICAL DESCRIPTION
Extent cx, 487p.
490 ## - SERIES STATEMENT
Series statement AIP conference proceedings; vol. 522
650 ## - SUBJECT ADDED ENTRY--TOPICAL TERM
Topical term or geographic name entry element Gamma ray bursts
9 (RLIN) 10403
650 ## - SUBJECT ADDED ENTRY--TOPICAL TERM
Topical term or geographic name entry element Stellar explosions
9 (RLIN) 22721
650 ## - SUBJECT ADDED ENTRY--TOPICAL TERM
Topical term or geographic name entry element Supernovae
700 ## - ADDED ENTRY--PERSONAL NAME
Personal name Holt, Stephen S., ed.
9 (RLIN) 17868
700 ## - ADDED ENTRY--PERSONAL NAME
Personal name Zhang, William W., ed.
9 (RLIN) 24154
942 ## - ADDED ENTRY ELEMENTS (KOHA)
Koha item type Books
Holdings
Withdrawn status Lost status Damaged status Not for loan Home library Current library Shelving location Date acquired Total Checkouts Full call number Barcode Date last seen Price effective from Koha item type
        IIA Library-Bangalore IIA Library-Bangalore General Stacks     524.352(082.2)/ COS 14663 05/11/2021   Books

Powered by Koha